000 00288nam a22001337a 4500
003 SGT
082 _a617.8
_bO10M
100 _aMOORE, D.R./ FUCHES
245 _aTHE OXFORD HAND BOOK THE EAR HEARING
250 _a3RD
260 _bOXFORD UNI
_c2010
300 _a450
942 _2ddc
_cBK
999 _c17888
_d17888